Official Methods of Analysis of AOAC International /

Gardado en:
Detalles Bibliográficos
Autor Corporativo: AOAC International
Outros autores: Horwitz, William (edición) (edición), Latimer, George W., hijo (edición) (edición)
Formato: Libro
Idioma:inglés
Publicado: Gaithersburg, EUA : AOAC International, 2005, c2005
Edición:18a edición
Temas:
Etiquetas: Engadir etiqueta
Sen Etiquetas, Sexa o primeiro en etiquetar este rexistro!

MARC

LEADER 00000nam^a2200000^a^4500
001 000183891
005 20250521000000.0
009 20260310102054.962
020 |a 0-935584-75-7 
037 |a Acervo ITESO - Biblioteca 
041 |a ING 
082 |a 543. 005  |b AOAC 2005 
110 |a AOAC International 
245 1 0 |a Official Methods of Analysis of AOAC International /  |c AOAC International ; ed. de W. Horwitz, G.W. Latimer, hijo. 
250 |a 18a edición 
264 4 |a Gaithersburg, EUA :  |b AOAC International,  |c 2005, c2005 
300 |a 1 v. (varias paginaciones) 
336 |a texto  |b txt  |2 rdacontenido 
337 |a sin mediación  |b n  |2 rdamedio 
338 |a volumen  |b nc  |2 rdasoporte 
649 |a XX 
650 |a Química Agrícola -  |x Metodología -  |x Publicaciones Periódicas Norteamericanas -  |x Tema Principal 
650 |a Química Analítica -  |x Laboratorios -  |x Publicaciones Periódicas Norteamericanas -  |x Tema Principal 
650 |a Química Analítica -  |x Publicaciones Periódicas Norteamericanas 
650 |a Química -  |x Publicaciones Periódicas Norteamericanas 
650 |a Publicaciones Periódicas Norteamericanas 
700 |a Horwitz, William  |e (edición) 
700 |a Latimer, George W.,  |c hijo  |e (edición) 
910 |a Fondo General 
920 |a Impresos - Libros 
930 |a Obras de Referencia 
905 |a 102 
901 |a 0500124430  |b IT2  |c REF  |u 20250521 
902 |a https://opac.biblio.iteso.mx/vufind/Record/000183891